| 000 | 00362nam a2200145Ia 4500 | ||
|---|---|---|---|
| 008 | 191201s2005 xx 000 0 und d | ||
| 082 |
_a620.01 _bDOC |
||
| 100 | _aDOMKUNDWAR, S | ||
| 245 | 2 | _aA Course in Thermal Engineering | |
| 250 | _a5th | ||
| 260 |
_aNew Delhi _bDhanpat Rai Pub (P) Ltd _c2005 |
||
| 300 | _a32.12 | ||
| 650 | _aB.Tech(ME) | ||
| 942 |
_2ddc _cBK |
||
| 999 |
_c2019 _d2019 |
||